Statystyki dla Państwa Azji Południowej i Środkowej - Quiz na Mapie

Kliknij tutaj aby rozwiązać quiz!

Ogólne statystyki

  • Ten quiz został rozwiązany 241 razy
  • Średni wynik to 10 z 13

Odpowiedzi na mapie

Odpowiedzi skodowane kolorowo w zielono-czerwonej skali na mapie do tego quizu, zgodnie z poniższymi procentami.
 

Statystyki odpowiedzi

Odpowiedź% Poprawnych
Indie
88%
Nepal
86%
Malediwy
83%
Bhutan
81%
Bangladesz
79%
Afganistan
78%
Kazachstan
78%
Sri Lanka
78%
Pakistan
76%
Kirgistan
64%
Uzbekistan
61%
Tadżykistan
60%
Turkmenistan
55%

Rozkład punktacji

Percentyl według liczby udzielonych odpowiedzi

Procent ludzi z każdym wynikiem

Twoja historia wyników

Nie rozwiązałeś tego quizu